000 01062nam a2200265Ia 4500
003 OSt
005 20221005105152.0
006 a|||||r|||| 00| 0
007 ta
008 221004b |||||||| |||| 00| 0 hin d
020 _a9788179755068 (hbk)
024 _a22968
037 _bGift, 03/11/2015,
_cTextual
040 _aCRL
_cCRL
_bhin
041 _2hin
_ahin
082 _aO152,3:g(Y5927), Q4
100 _aबेचैन, श्यौराज सिंह
245 0 _aउत्तर सदी के हिन्दी कथा - साहित्य में दलित - विमर्श
246 _aUttar sadī ke hindī kathā - sāhitya mean dalit - vimarsha
260 _aनई दिल्ली
_bअनामिका पब्लिशर्स भारत
_c2014
300 _a368पृ0
_ccm.
650 _aहिन्दी साहित्य
942 _hO152,3:g(Y5927), Q4
_cTEXL
_2cc
999 _c1014987
_d1014987